| 000 | 01134naa a22003017a 4500 | ||
|---|---|---|---|
| 001 | BR6009411 | ||
| 003 | BR-BrBNA | ||
| 005 | 20240918173017.0 | ||
| 007 | ta | ||
| 008 | 230509b bl.||||| |||| 00| 0 por d | ||
| 040 |
_aBR-BrBNA _bpor _cBiblioteca Nacional de Agricultura |
||
| 041 | _a(Pt) | ||
| 072 |
_aH20 _b0336 _b4120 _b3875 |
||
| 090 | _aH20 BR6009411 | ||
| 100 | 1 | _aCorrea, C.F. | |
| 111 | 1 |
_a3. Reuniao Conjunta de Pesquisa de Soja - RS/SC _cPorto Alegre, RS (Brazil) _d18 Aug 1975 |
|
| 245 | 1 | _aControle quimico das doencas fungicas da parte aerea da soja [Doenca de planta; Glycine max] | |
| 260 | 3 |
_aPasso Fundo, RS (Brasil): _c1975. |
|
| 500 | _aSoja - Resultados de pesquisa obtidos em Passo Fundo em 1974/75 Passo Fundo, RS (Brasil): 1975. v. 1 p. 66-69 (BR6009411-AM)H20 | ||
| 650 | _aDoenca de planta | ||
| 650 | _aSoja | ||
| 650 | _aFungo | ||
| 650 | _aFungicida | ||
| 650 | _aControle quimico | ||
| 773 | 0 |
_tSoja - Resultados de pesquisa obtidos em Passo Fundo em 1974/75 _wH20 BR6009411 _gPasso Fundo, RS (Brasil), 1975. v. 1 p. 66-69 |
|
| 909 |
_a202404 _bLucia _c55 _dLucia Elande |
||
| 942 |
_cAM _2AGRIS |
||
| 999 |
_c302496 _d302496 |
||